[Event "Titled Tuesday intern op 09th Jan Early"]
[Site "Chess.com INT"]
[Date "2024.01.09"]
[Round "2"]
[White "Garbarino, Rodolfo"]
[Black "Tuncer, Tuna"]
[Result "0-1"]
[WhiteElo "2345"]
[BlackElo "2328"]
[PlyCount "50"]
[EventDate "2024.01.09"]
[EventType "swiss (blitz)"]
[EventRounds "11"]
[EventCountry "USA"]
[SourceTitle "CB03_2024"]
[SourceDate "2024.01.17"]
[SourceVersion "1"]
[SourceVersionDate "2024.01.17"]
[SourceQuality "1"]

1. e4 g6 2. d4 Bg7 3. Nc3 a6 4. Be3 b5 5. Qd2 Bb7 6. f3 d6 7. 0-0-0 Nd7 8. h4 h5 9. Nh3 Rc8 10. Ng5 c5 11. g3 b4 12. Ne2 Qa5 13. Kb1 cxd4 14. Nxd4 Ne5 15. b3 Nf6 16. Be2 Rc3 17. Bf2 0-0 18. Rhg1 d5 19. exd5 Nxd5 20. g4 Rxf3 21. Ngxf3 Nc3+ 22. Qxc3 bxc3 23. Ka1 Qa3 24. Rb1 Nxg4 25. Ng5 Nxf2 0-1

[Event "Titled Tuesday intern op 09th Jan Early"]
[Site "Chess.com INT"]
[Date "2024.01.09"]
[Round "6"]
[White "Sethuraman, SP."]
[Black "Tuncer, Tuna"]
[Result "1-0"]
[WhiteElo "2594"]
[BlackElo "2328"]
[PlyCount "83"]
[EventDate "2024.01.09"]
[EventType "swiss (blitz)"]
[EventRounds "11"]
[EventCountry "USA"]
[SourceTitle "CB03_2024"]
[SourceDate "2024.01.17"]
[SourceVersion "1"]
[SourceVersionDate "2024.01.17"]
[SourceQuality "1"]

1. d4 g6 2. e4 Bg7 3. Nc3 d6 4. h4 h5 5. f3 a6 6. Be3 b5 7. Qd2 Nd7 8. Nh3 Nb6 9. Ng5 e6 10. a4 b4 11. Nd1 a5 12. c3 bxc3 13. Nxc3 Nf6 14. Be2 Qe7 15. Nb5 0-0 16. Rc1 Nxa4 17. Rxc7 Qd8 18. 0-0 Bd7 19. Rfc1 Ne8 20. R7c2 Rb8 21. Na7 Rb7 22. Nc6 Bxc6 23. Rxc6 Rxb2 24. Qd1 Rb4 25. d5 exd5 26. Qxd5 Qf6 27. Qxa5 Qb2 28. R6c2 Qb3 29. Bd2 Bd4+ 30. Kh1 Rb8 31. Bc4 Qa3 32. Ra2 Bc3 33. Rxa3 Bxa5 34. Bxa5 Nb2 35. Bd5 Nf6 36. Ba2 Rfc8 37. Rxc8+ Rxc8 38. Bxf7+ Kg7 39. Bc3 Nd1 40. Bd4 Rc1 41. Kh2 Nf2 42. Bxf2 1-0

[Event "Titled Tuesday intern op 09th Jan Early"]
[Site "Chess.com INT"]
[Date "2024.01.09"]
[Round "7"]
[White "Tuncer, Tuna"]
[Black "Martinez, Shawn"]
[Result "1-0"]
[WhiteElo "2328"]
[BlackElo "1869"]
[PlyCount "53"]
[EventDate "2024.01.09"]
[EventType "swiss (blitz)"]
[EventRounds "11"]
[EventCountry "USA"]
[SourceTitle "CB03_2024"]
[SourceDate "2024.01.17"]
[SourceVersion "1"]
[SourceVersionDate "2024.01.17"]
[SourceQuality "1"]

1. e4 c5 2. Nf3 e6 3. c3 d5 4. e5 Ne7 5. d4 Nec6 6. Bd3 Be7 7. 0-0 b6 8. Nbd2 a5 9. Re1 Ba6 10. Bxa6 Nxa6 11. Nf1 Qc7 12. Be3 c4 13. b3 b5 14. a4 b4 15. bxc4 dxc4 16. d5 exd5 17. Qxd5 bxc3 18. e6 0-0 19. exf7+ Rxf7 20. Qxc4 Ncb4 21. Qb3 Bf6 22. Bd4 Kh8 23. Ne5 Bxe5 24. Bxe5 Qb6 25. Qxf7 Rg8 26. Bxg7+ Rxg7 27. Re8+ 1-0

[Event "Titled Tuesday intern op 09th Jan Early"]
[Site "Chess.com INT"]
[Date "2024.01.09"]
[Round "3"]
[White "Tuncer, Tuna"]
[Black "Teimouri Yadkuri, Shahdad"]
[Result "1-0"]
[WhiteElo "2328"]
[BlackElo "2179"]
[PlyCount "87"]
[EventDate "2024.01.09"]
[EventType "swiss (blitz)"]
[EventRounds "11"]
[EventCountry "USA"]
[SourceTitle "CB03_2024"]
[SourceDate "2024.01.17"]
[SourceVersion "1"]
[SourceVersionDate "2024.01.17"]
[SourceQuality "1"]

1. e4 c5 2. Nf3 e6 3. c3 d5 4. e5 d4 5. d3 Nc6 6. Qe2 Nge7 7. h4 Qc7 8. h5 b5 9. Nbd2 Bb7 10. Nb3 Nd5 11. Bd2 Qb6 12. h6 gxh6 13. g3 0-0-0 14. Bg2 c4 15. Nbxd4 cxd3 16. Qxd3 Ba6 17. Nxc6 Qxc6 18. Nd4 Qb6 19. Bf1 Bg7 20. Rh5 Nc7 21. Be3 b4 22. Qc2 bxc3 23. bxc3 Nd5 24. Rb1 Qa5 25. Nc6 Qa3 26. Rb3 Nxe3 27. fxe3 Qc5 28. Bxa6+ Kc7 29. Nd4 Rb8 30. Be2 Rxb3 31. axb3 Rb8 32. b4 Qd5 33. Qa4 Rb7 34. Bf3 Qc4 35. Bxb7 Qxc3+ 36. Kf2 Qd2+ 37. Ne2 Kxb7 38. Qb5+ Kc7 39. Qc5+ Kb7 40. Qe7+ Kb6 41. Qxf7 Qxb4 42. Qxg7 a5 43. Rh4 Qd2 44. Qe7 1-0

[Event "Titled Tuesday intern op 09th Jan Early"]
[Site "Chess.com INT"]
[Date "2024.01.09"]
[Round "8"]
[White "Vincenti, Leonardo"]
[Black "Tuncer, Tuna"]
[Result "0-1"]
[WhiteElo "2071"]
[BlackElo "2328"]
[PlyCount "176"]
[EventDate "2024.01.09"]
[EventType "swiss (blitz)"]
[EventRounds "11"]
[EventCountry "USA"]
[SourceTitle "CB03_2024"]
[SourceDate "2024.01.17"]
[SourceVersion "1"]
[SourceVersionDate "2024.01.17"]
[SourceQuality "1"]

1. e4 g6 2. d4 Bg7 3. Nf3 d6 4. Nc3 a6 5. a4 Nc6 6. Be3 Nf6 7. h3 0-0 8. Qd2 e5 9. d5 Ne7 10. Be2 Nd7 11. g4 a5 12. h4 Nc5 13. Rg1 Bd7 14. h5 Nc8 15. hxg6 fxg6 16. Bh6 Qf6 17. 0-0-0 Nxa4 18. Nxa4 Bxa4 19. Rh1 Bd7 20. Ng5 Rf7 21. Nxf7 Qxf7 22. Bxg7 Qxg7 23. Qg5 Nb6 24. Rh6 Rf8 25. f3 Qf6 26. Qxf6 Rxf6 27. Rdh1 Rf7 28. g5 Na4 29. b3 Nc5 30. Kd2 b6 31. R6h4 Bc8 32. Rg1 Bd7 33. Rgh1 Be8 34. Rg1 Rg7 35. Rgh1 Bd7 36. R1h2 Kh8 37. Rh1 Rf7 38. Rh6 Kg8 39. R1h2 a4 40. bxa4 Bxa4 41. Rh1 Nd7 42. Ra1 Nc5 43. Ra3 Kf8 44. Ra1 Rg7 45. Rah1 Kg8 46. Ra1 b5 47. Bd3 Nd7 48. Be2 Nf8 49. Rh4 Rf7 50. Rah1 c6 51. dxc6 Rc7 52. Ke3 Rxc6 53. Rh6 Rc3+ 54. Bd3 Bxc2 55. Kd2 Rxd3+ 56. Kxc2 Rxf3 57. R6h3 Rf4 58. Re3 Ne6 59. Rb1 Rg4 60. Rxb5 Nd4+ 61. Kd3 Nxb5 62. Kc4 Nd4 63. Kd5 Rxg5 64. Kxd6 h5 65. Kd5 h4 66. Rh3 Rh5 67. Kd6 Kg7 68. Kd5 Kf6 69. Kd6 Kg5 70. Kxe5 Kg4+ 71. Kxd4 Kxh3 72. e5 Rxe5 73. Kxe5 g5 74. Ke4 g4 75. Ke3 g3 76. Ke2 g2 77. Kf2 Kh2 78. Kf3 g1Q 79. Kf4 Qg3+ 80. Kf5 Kg2 81. Ke4 h3 82. Kd5 h2 83. Ke4 h1Q 84. Kd4 Qhh4+ 85. Kd5 Qgg5+ 86. Ke6 Qhh6+ 87. Kf7 Qgg7+ 88. Ke8 Qhh8# 0-1

[Event "Titled Tuesday intern op 08th Nov Early"]
[Site "Chess.com INT"]
[Date "2022.11.08"]
[Round "5"]
[White "Fajdetic, Hrvoje"]
[Black "Tuncer, Tuna"]
[Result "0-1"]
[WhiteElo "2151"]
[BlackElo "2328"]
[PlyCount "98"]
[EventDate "2022.11.08"]
[EventType "swiss (blitz)"]
[EventRounds "11"]
[EventCountry "USA"]
[SourceTitle "EXT 2024"]
[Source "ChessBase"]
[SourceDate "2023.10.10"]
[SourceVersion "1"]
[SourceVersionDate "2023.10.10"]
[SourceQuality "1"]

1. d4 g6 2. Nc3 Bg7 3. e4 d6 4. Be3 Nf6 5. Qd2 0-0 6. Bh6 e5 7. Bxg7 Kxg7 8. 0-0-0 Nc6 9. d5 Ne7 10. f4 exf4 11. Qxf4 Bd7 12. e5 dxe5 13. Qxe5 Nf5 14. Nf3 Re8 15. Qf4 Ne3 16. Rd3 Qe7 17. d6 cxd6 18. Qxd6 Bf5 19. Qxe7 Rxe7 20. Rd2 Nxf1 21. Rxf1 Rc8 22. Nd4 Bd7 23. Rdf2 Ng4 24. Rf4 f5 25. Nd5 Re5 26. h3 Nh2 27. Rh1 Rxd5 28. Rxh2 g5 29. Rf1 Rxd4 30. g3 Re8 31. h4 g4 32. Rd2 Rxd2 33. Kxd2 Kf6 34. c4 Bc6 35. b4 Bf3 36. Rf2 Re4 37. Kd3 Re1 38. b5 Rg1 39. Kd4 Rxg3 40. a4 Rg1 41. c5 Rd1+ 42. Kc4 Ke5 43. Rb2 g3 44. a5 g2 45. c6 g1Q 46. c7 Rc1+ 47. Kb4 Qc5+ 48. Ka4 Ra1+ 49. Kb3 Bd5# 0-1

[Event "SRB-chT 1st League CS"]
[Site "Banja Vrujci"]
[Date "2022.10.05"]
[Round "7.1"]
[White "Can, Isik"]
[Black "Tuncer, Tuna"]
[Result "1/2-1/2"]
[WhiteElo "2474"]
[BlackElo "2316"]
[PlyCount "29"]
[EventDate "2022.10.01"]
[EventType "team-tourn"]
[EventRounds "11"]
[EventCountry "SRB"]
[SourceTitle "CBM 210 Extra"]
[Source "ChessBase"]
[SourceDate "2022.11.30"]
[SourceVersion "1"]
[SourceVersionDate "2022.11.30"]
[SourceQuality "1"]
[WhiteTeam "Kostolac Rudar"]
[BlackTeam "Nis Nais"]
[WhiteTeamCountry "SRB"]
[BlackTeamCountry "SRB"]

1. e4 c5 2. Nf3 e6 3. d4 cxd4 4. Nxd4 a6 5. Bd3 Bc5 6. Nb3 Ba7 7. Qe2 Ne7 8. Be3 0-0 9. 0-0 Nbc6 10. Bxa7 Rxa7 11. f4 d6 12. c4 Nb4 13. Qe3 Nxd3 14. Qxd3 b5 15. Nc3 1/2-1/2

[Event "SRB-chT 1st League CS"]
[Site "Banja Vrujci"]
[Date "2022.10.04"]
[Round "5.1"]
[White "Stojanovic, Dalibor"]
[Black "Tuncer, Tuna"]
[Result "1/2-1/2"]
[WhiteElo "2472"]
[BlackElo "2316"]
[PlyCount "151"]
[EventDate "2022.10.01"]
[EventType "team-tourn"]
[EventRounds "11"]
[EventCountry "SRB"]
[SourceTitle "CBM 210 Extra"]
[Source "ChessBase"]
[SourceDate "2022.11.30"]
[SourceVersion "1"]
[SourceVersionDate "2022.11.30"]
[SourceQuality "1"]
[WhiteTeam "Valjevo 2005"]
[BlackTeam "Nis Nais"]
[WhiteTeamCountry "SRB"]
[BlackTeamCountry "SRB"]

1. e4 c5 2. Nf3 d6 3. d4 cxd4 4. Nxd4 Nf6 5. Nc3 a6 6. Be2 e5 7. Nb3 Be7 8. Be3 Be6 9. Nd5 Nbd7 10. Qd3 Bxd5 11. exd5 0-0 12. a4 Nb6 13. c4 Rc8 14. Nd2 a5 15. 0-0 Nfd7 16. b4 Bg5 17. bxa5 Bxe3 18. Qxe3 Na8 19. Rfb1 Nc5 20. Nb3 Nd7 21. Qd2 Qe7 22. a6 bxa6 23. c5 Nxc5 24. Nxc5 Rxc5 25. Bxa6 Qa7 26. Bb7 Nb6 27. Bc6 Nc4 28. Qb4 Na5 29. Bb5 Rfc8 30. h3 g6 31. Rd1 Rc2 32. Rf1 Qb6 33. Rab1 R8c5 34. Qh4 Kg7 35. Qe7 Qc7 36. Qxc7 Rxc7 37. f4 exf4 38. Rxf4 Rd2 39. Bf1 Rxd5 40. Rb5 Rcc5 41. Rb6 f5 42. Bb5 Rd1+ 43. Rf1 Rd2 44. Rf2 Rc1+ 45. Bf1 Rdd1 46. g4 Nc4 47. Rc6 fxg4 48. hxg4 Ne3 49. Rxc1 Rxc1 50. Rf3 Nxf1 51. Rxf1 Rc4 52. Ra1 Rxg4+ 53. Kf2 Rc4 54. a5 Rc7 55. a6 Ra7 56. Ke3 Kf6 57. Kd4 h5 58. Kd5 h4 59. Ke4 Ke6 60. Kf4 Kd5 61. Kg4 Kc4 62. Kxh4 Kb5 63. Rb1+ Kc4 64. Ra1 d5 65. Kg3 d4 66. Kf3 Kd3 67. Ra3+ Kc2 68. Ra2+ Kb3 69. Ra5 Kb4 70. Ra1 Kb5 71. Ke4 Rxa6 72. Rxa6 Kxa6 73. Kxd4 g5 74. Ke4 g4 75. Kf4 g3 76. Kxg3 1/2-1/2

[Event "TUR-chT 2nd League"]
[Site "Konya"]
[Date "2022.08.25"]
[Round "5.1"]
[White "Sakir, Ridvan"]
[Black "Tuncer, Tuna"]
[Result "1/2-1/2"]
[WhiteElo "2270"]
[BlackElo "2301"]
[PlyCount "75"]
[EventDate "2022.08.22"]
[EventType "team-swiss"]
[EventRounds "9"]
[EventCountry "TUR"]
[SourceTitle "CBM 210 Extra"]
[Source "ChessBase"]
[SourceDate "2022.11.30"]
[SourceVersion "1"]
[SourceVersionDate "2022.11.30"]
[SourceQuality "1"]
[WhiteTeam "Seyhan Belediye"]
[BlackTeam "Guzelbahce Altyapi"]
[WhiteTeamCountry "TUR"]
[BlackTeamCountry "TUR"]

1. e4 c5 2. Nf3 d6 3. d4 cxd4 4. Nxd4 Nf6 5. Nc3 a6 6. Be3 e5 7. Nb3 Be7 8. f3 Be6 9. Qd2 h5 10. Nd5 Nxd5 11. exd5 Bf5 12. c4 b6 13. Bd3 Bxd3 14. Qxd3 Bh4+ 15. g3 Bf6 16. Nd2 0-0 17. 0-0 a5 18. f4 exf4 19. Rxf4 Nd7 20. Bd4 Nc5 21. Qc3 Bxd4+ 22. Qxd4 Qe7 23. Nf3 Rae8 24. Re1 Qd7 25. Kg2 Rxe1 26. Nxe1 Re8 27. Nd3 Qa4 28. Rf2 Nxd3 29. Qxd3 Qxa2 30. Qd4 Qb3 31. Qf4 Rf8 32. Qxd6 Qxc4 33. Qe5 Rd8 34. Rd2 Qc5 35. Qxh5 Qe3 36. Qd1 Rd6 37. Qc2 Rf6 38. Qc8+ 1/2-1/2

[Event "TUR-chT 2nd League"]
[Site "Konya"]
[Date "2022.08.23"]
[Round "2.1"]
[White "Tuncer, Tuna"]
[Black "Arslan, Erdal"]
[Result "1-0"]
[WhiteElo "2301"]
[BlackElo "1960"]
[PlyCount "47"]
[EventDate "2022.08.22"]
[EventType "team-swiss"]
[EventRounds "9"]
[EventCountry "TUR"]
[SourceTitle "CBM 210 Extra"]
[Source "ChessBase"]
[SourceDate "2022.11.30"]
[SourceVersion "1"]
[SourceVersionDate "2022.11.30"]
[SourceQuality "1"]
[WhiteTeam "Guzelbahce Altyapi"]
[BlackTeam "Mersin Altin Piyon"]
[WhiteTeamCountry "TUR"]
[BlackTeamCountry "TUR"]

1. e4 d5 2. exd5 Qxd5 3. Nc3 Qd6 4. d4 a6 5. Nf3 Nf6 6. g3 Bg4 7. Bg2 e6 8. h3 Bxf3 9. Qxf3 Nc6 10. Be3 Be7 11. 0-0-0 0-0 12. g4 Na5 13. g5 Nd7 14. Qe2 Nb6 15. d5 Nbc4 16. Ne4 Qb4 17. Bd4 e5 18. Bc3 Qa4 19. Kb1 Bb4 20. b3 Qb5 21. Qh5 Na3+ 22. Kc1 Bxc3 23. Nf6+ gxf6 24. gxf6 1-0

[Event "Novi Sad Serbia op-A"]
[Site "Novi Sad"]
[Date "2022.06.30"]
[Round "3"]
[White "Tuncer, Tuna"]
[Black "Kairbekova, Amina"]
[Result "1/2-1/2"]
[WhiteElo "2339"]
[BlackElo "2189"]
[PlyCount "176"]
[EventDate "2022.06.28"]
[EventType "swiss"]
[EventRounds "9"]
[EventCountry "SRB"]
[SourceTitle "EXT 2023"]
[Source "ChessBase"]
[SourceDate "2022.10.05"]
[SourceVersion "1"]
[SourceVersionDate "2022.10.05"]
[SourceQuality "1"]

1. e4 e5 2. Nf3 Nc6 3. Bc4 Nf6 4. d3 h6 5. c3 d6 6. a4 g6 7. a5 a6 8. Qb3 Qe7 9. 0-0 Bg7 10. Re1 0-0 11. d4 Nh7 12. Be3 Kh8 13. dxe5 dxe5 14. g3 Nd8 15. Nbd2 Bg4 16. Bf1 Be6 17. Nc4 Ng5 18. Nxg5 hxg5 19. Qa3 Qxa3 20. Nxa3 g4 21. Rad1 Nc6 22. b4 f5 23. Bc4 Bxc4 24. Nxc4 Rf7 25. Rd5 fxe4 26. Red1 Rff8 27. Rd7 Rad8 28. Bg5 Rc8 29. Ne3 Nb8 30. R7d5 c6 31. Rd6 c5 32. Rxg6 cxb4 33. cxb4 Kh7 34. Rb6 Rf7 35. Nxg4 Nc6 36. Be3 Nd4 37. Bxd4 exd4 38. Re6 Rc4 39. Rxe4 Rxb4 40. Ne5 Re7 41. f4 Rb5 42. Rexd4 Bxe5 43. fxe5 Rexe5 44. R1d2 Rb3 45. Rd5 Rxd5 46. Rxd5 Rb2 47. Rg5 Kh6 48. h4 Ra2 49. Kf1 Rb2 50. Ke1 Ra2 51. Kd1 Rb2 52. Kc1 Ra2 53. Kb1 Rg2 54. Rg8 Re2 55. Rg5 Rg2 56. Kc1 Ra2 57. Kd1 Rg2 58. Ke1 Ra2 59. Kf1 Rb2 60. Re5 Kg6 61. Re2 Rb5 62. Ra2 Kh5 63. Kg2 Rb4 64. Kh3 Kg6 65. Rd2 Rb5 66. Rd7 Rxa5 67. Rxb7 Rb5 68. Ra7 a5 69. Ra6+ Kg7 70. Rd6 Rb7 71. Rd4 Kg6 72. g4 Rb3+ 73. Kg2 Kf6 74. Rf4+ Ke5 75. Rf5+ Ke4 76. h5 a4 77. h6 a3 78. h7 Rb8 79. Kg3 Rh8 80. Ra5 Rxh7 81. g5 a2 82. Kg4 Rh2 83. g6 Rg2+ 84. Kh5 Kd4 85. Kh6 Kc3 86. g7 Rxg7 87. Kxg7 Kb2 88. Rxa2+ Kxa2 1/2-1/2

[Event "Ayvalik Plati"]
[Site "Ayvalik"]
[Date "2022.02.03"]
[Round "7"]
[White "Tuncer, Tuna"]
[Black "Altun, Arda"]
[Result "1/2-1/2"]
[WhiteElo "2352"]
[BlackElo "2297"]
[PlyCount "80"]
[EventDate "2022.01.30"]
[EventType "schev"]
[EventRounds "9"]
[EventCountry "TUR"]
[SourceTitle "CBM 206 Extra"]
[Source "ChessBase"]
[SourceDate "2022.03.31"]
[SourceVersion "1"]
[SourceVersionDate "2022.03.31"]
[SourceQuality "1"]
[WhiteTeam "Team 2"]
[BlackTeam "Team 4"]
[WhiteTeamCountry "TUR"]
[BlackTeamCountry "TUR"]

1. e4 c6 2. Nf3 d5 3. d3 Qc7 4. Nc3 dxe4 5. dxe4 e5 6. Bc4 b5 7. Bb3 h6 8. a4 b4 9. Ne2 Nf6 10. Ng3 Ba6 11. Nd2 Nbd7 12. Bc4 Bxc4 13. Nxc4 Nc5 14. Qf3 Nfd7 15. a5 g6 16. h4 h5 17. Be3 Be7 18. Ne2 b3 19. c3 Qb8 20. Rd1 Qb5 21. Bxc5 Qxc5 22. Nd2 Qxa5 23. Nxb3 Qb5 24. Qd3 Qxd3 25. Rxd3 Rb8 26. Nec1 c5 27. Rd2 Rb5 28. c4 Rb4 29. Rc2 Nb8 30. Rc3 Nc6 31. Nd3 Rb6 32. Rh3 0-0 33. Nbxc5 Bxc5 34. Nxc5 Rxb2 35. Rb3 Rb8 36. Rxb8+ Rxb8 37. Ra3 Rb4 38. Ra6 Nd4 39. Rxa7 Rxc4 40. Nd3 f6 1/2-1/2

[Event "Ayvalik Plati"]
[Site "Ayvalik"]
[Date "2022.02.01"]
[Round "4"]
[White "Budisavljevic, Luka"]
[Black "Tuncer, Tuna"]
[Result "1/2-1/2"]
[WhiteElo "2511"]
[BlackElo "2352"]
[PlyCount "115"]
[EventDate "2022.01.30"]
[EventType "schev"]
[EventRounds "9"]
[EventCountry "TUR"]
[SourceTitle "CBM 206 Extra"]
[Source "ChessBase"]
[SourceDate "2022.03.31"]
[SourceVersion "1"]
[SourceVersionDate "2022.03.31"]
[SourceQuality "1"]
[WhiteTeam "Team 1"]
[BlackTeam "Team 2"]
[WhiteTeamCountry "TUR"]
[BlackTeamCountry "TUR"]

1. d4 d5 2. c4 c6 3. Nf3 Nf6 4. e3 Bf5 5. Nc3 e6 6. Nh4 Be4 7. f3 Bg6 8. Qb3 Qc7 9. Bd2 Be7 10. Nxg6 hxg6 11. 0-0-0 dxc4 12. Bxc4 a5 13. Ne4 a4 14. Qc2 a3 15. b3 Na6 16. Kb1 Nb4 17. Qc1 b6 18. Ng5 Nh7 19. h4 Nxg5 20. hxg5 Kd7 21. f4 b5 22. Be2 f5 23. gxf6 gxf6 24. Rxh8 Rxh8 25. Qxa3 Nd5 26. Qc1 f5 27. Rh1 Qb8 28. g4 Qa8 29. Bf3 Nb4 30. Bxb4 Rxh1 31. Qxh1 Bxb4 32. e4 Be7 33. gxf5 gxf5 34. exf5 exf5 35. Qh6 Kc7 36. Qe6 Bd6 37. Qf7+ Kb6 38. Qxf5 Qg8 39. Qe4 Qg1+ 40. Kc2 Qf2+ 41. Kd3 Qf1+ 42. Ke3 Qe1+ 43. Kd3 Qb1+ 44. Ke2 Qxe4+ 45. Bxe4 Bxf4 46. b4 Bd6 47. a3 Bf4 48. Kd1 Be3 49. d5 cxd5 50. Bxd5 Bh6 51. Kc2 Bg5 52. Bf3 Be7 53. Kb3 Bf8 54. Be2 Be7 55. Bxb5 Kxb5 56. a4+ Ka6 57. Kc4 Bxb4 58. Kxb4 1/2-1/2

[Event "Graz op-A"]
[Site "Graz"]
[Date "2020.02.21"]
[Round "9"]
[White "Yeritsyan, Aram"]
[Black "Tuncer, Tuna"]
[Result "1/2-1/2"]
[WhiteElo "2283"]
[BlackElo "2351"]
[PlyCount "94"]
[EventDate "2020.02.14"]
[EventType "swiss"]
[EventRounds "9"]
[EventCountry "AUT"]
[SourceTitle "CBM 195 Extra"]
[Source "ChessBase"]
[SourceDate "2020.05.31"]
[SourceVersion "1"]
[SourceVersionDate "2020.05.31"]
[SourceQuality "1"]

1. d3 g6 2. f4 Bg7 3. Nf3 d6 4. g3 e5 5. fxe5 dxe5 6. Nc3 Ne7 7. Bg2 0-0 8. 0-0 Nbc6 9. e4 h6 10. Be3 Be6 11. Qd2 Kh7 12. Rf2 Qd7 13. Raf1 Nd4 14. Nh4 c5 15. b3 Rad8 16. Nd1 b6 17. Qc1 Ndc6 18. Kh1 Nd4 19. Bd2 a5 20. a4 b5 21. axb5 Qxb5 22. Nc3 Qc6 23. Nf5 Ng8 24. Nxg7 Kxg7 25. Be3 Ra8 26. Qa3 Ne7 27. Na4 Rac8 28. Qc1 Ng8 29. Qd2 f6 30. Ra1 Bxb3 31. cxb3 Nxb3 32. Qa2 Nxa1 33. Qxa1 Qd6 34. Qa3 Rf7 35. Nxc5 Rb7 36. Bh3 Rb1+ 37. Kg2 Rc6 38. Qxa5 f5 39. Qa7+ Kh8 40. exf5 Qd5+ 41. Ne4 Qxd3 42. Nd2 Qd5+ 43. Rf3 Rb2 44. fxg6 Rxg6 45. Qf7 Rxd2+ 46. Bxd2 Qxd2+ 47. Rf2 Qd6 1/2-1/2

[Event "Graz op-A"]
[Site "Graz"]
[Date "2020.02.20"]
[Round "8"]
[White "Tuncer, Tuna"]
[Black "Novikov, Stanislav"]
[Result "0-1"]
[WhiteElo "2351"]
[BlackElo "2531"]
[PlyCount "94"]
[EventDate "2020.02.14"]
[EventType "swiss"]
[EventRounds "9"]
[EventCountry "AUT"]
[SourceTitle "CBM 195 Extra"]
[Source "ChessBase"]
[SourceDate "2020.05.31"]
[SourceVersion "1"]
[SourceVersionDate "2020.05.31"]
[SourceQuality "1"]

1. e4 c5 2. Nf3 Nc6 3. Bb5 g6 4. 0-0 Bg7 5. c3 Nf6 6. Qe2 0-0 7. d4 cxd4 8. cxd4 d5 9. e5 Ne4 10. Be3 f6 11. Bxc6 bxc6 12. h3 g5 13. exf6 exf6 14. Rc1 Bd7 15. Nbd2 Qe7 16. Qa6 h5 17. b4 Rfb8 18. Rab1 Rb6 19. Qa5 Nd6 20. Qc5 Rb5 21. Qc3 Nf5 22. Nf1 Rab8 23. Bd2 a5 24. a3 axb4 25. Rxb4 Rxb4 26. axb4 Bf8 27. Ra1 g4 28. hxg4 hxg4 29. N3h2 Qe4 30. Ng3 Qxd4 31. Qxd4 Nxd4 32. Bc3 Nb5 33. Bb2 Kf7 34. Ra4 Bd6 35. Nhf1 Re8 36. Ra1 Bxb4 37. Ne3 Kg6 38. Ra4 Bc3 39. Bxc3 Nxc3 40. Ra7 Rd8 41. f4 d4 42. Nc4 Be6 43. Nd2 Rb8 44. Re7 Bd5 45. f5+ Kh6 46. Kf2 Rb2 47. Ke1 Kg5 0-1

[Event "Graz op-A"]
[Site "Graz"]
[Date "2020.02.19"]
[Round "7"]
[White "Papakonstantinou, Dimitrios"]
[Black "Tuncer, Tuna"]
[Result "0-1"]
[WhiteElo "2275"]
[BlackElo "2351"]
[PlyCount "74"]
[EventDate "2020.02.14"]
[EventType "swiss"]
[EventRounds "9"]
[EventCountry "AUT"]
[SourceTitle "CBM 195 Extra"]
[Source "ChessBase"]
[SourceDate "2020.05.31"]
[SourceVersion "1"]
[SourceVersionDate "2020.05.31"]
[SourceQuality "1"]

1. e4 c5 2. Nf3 d6 3. d4 cxd4 4. Nxd4 Nf6 5. Nc3 a6 6. Be3 e5 7. Nb3 Be6 8. f3 Be7 9. Qd2 0-0 10. 0-0-0 Nbd7 11. g4 b5 12. Rg1 Nb6 13. g5 Nh5 14. Na5 Qc7 15. Nd5 Nxd5 16. exd5 Bd7 17. Bd3 g6 18. Nc6 Bxc6 19. dxc6 d5 20. c3 Qxc6 21. Bc2 Rad8 22. Kb1 Rd7 23. Bb3 Rfd8 24. Qf2 Ng7 25. h4 Nf5 26. Rge1 b4 27. Bc1 bxc3 28. Rxe5 d4 29. bxc3 dxc3 30. Rde1 Rd2 31. R5e2 c2+ 32. Kb2 Bb4 33. a3 Qc3+ 34. Ka2 Nd4 35. Re8+ Rxe8 36. Rxe8+ Bf8 37. Re3 Qxb3+ 0-1

[Event "Graz op-A"]
[Site "Graz"]
[Date "2020.02.16"]
[Round "3"]
[White "Shengelia, Davit"]
[Black "Tuncer, Tuna"]
[Result "1-0"]
[WhiteElo "2557"]
[BlackElo "2351"]
[PlyCount "99"]
[EventDate "2020.02.14"]
[EventType "swiss"]
[EventRounds "9"]
[EventCountry "AUT"]
[SourceTitle "CBM 195 Extra"]
[Source "ChessBase"]
[SourceDate "2020.05.31"]
[SourceVersion "1"]
[SourceVersionDate "2020.05.31"]
[SourceQuality "1"]

1. d4 d5 2. Nf3 e6 3. g3 c5 4. Bg2 Nf6 5. 0-0 cxd4 6. Nxd4 e5 7. Nb3 Nc6 8. Bg5 Be6 9. Bxf6 Qxf6 10. Bxd5 Rd8 11. c4 Bh3 12. Re1 h5 13. Nc3 h4 14. Qd2 hxg3 15. fxg3 Nb4 16. Rad1 Be7 17. e3 Qg6 18. Qf2 Rd6 19. Be4 f5 20. Rxd6 Bxd6 21. Bb1 0-0 22. a3 Nc6 23. Nd5 Qh5 24. Bd3 f4 25. exf4 exf4 26. Nxf4 Qh6 27. Qf3 Bxf4 28. Qd5+ Kh8 29. gxf4 Qh4 30. Re3 Qg4+ 31. Rg3 Qd1+ 32. Kf2 Bg4 33. Qe4 g6 34. Qxg6 Rxf4+ 35. Kg2 Bf3+ 36. Kh3 Bg4+ 37. Rxg4 Qxg4+ 38. Qxg4 Rxg4 39. Kxg4 Ne5+ 40. Kf5 Nxd3 41. Ke4 Nxb2 42. Kd5 b6 43. Nd2 Na4 44. Kc6 a6 45. Kb7 b5 46. cxb5 axb5 47. Kc6 Nc3 48. Kc5 Kg7 49. Kb4 Nd5+ 50. Kxb5 1-0

[Event "Vienna op"]
[Site "Vienna"]
[Date "2019.08.24"]
[Round "9"]
[White "Tuncer, Tuna"]
[Black "Dastan, Batuhan Muhammed"]
[Result "0-1"]
[WhiteElo "2362"]
[BlackElo "2582"]
[PlyCount "72"]
[EventDate "2019.08.17"]
[EventType "swiss"]
[EventRounds "9"]
[EventCountry "AUT"]
[SourceTitle "EXT 2020"]
[Source "ChessBase"]
[SourceDate "2019.10.17"]
[SourceVersion "1"]
[SourceVersionDate "2019.10.17"]
[SourceQuality "1"]

1. e4 e5 2. Nf3 Nc6 3. Bc4 Bc5 4. b4 Bxb4 5. c3 Ba5 6. d4 d6 7. Qb3 Qd7 8. 0-0 Bb6 9. Nbd2 Qe7 10. Ba3 Qf6 11. Bb5 Bd7 12. Nc4 Nh6 13. Ne3 exd4 14. cxd4 0-0 15. Bb2 Na5 16. Qd3 Bxb5 17. Qxb5 Qg6 18. Bc3 Nc6 19. Qb2 Qxe4 20. d5 Ne5 21. Nxe5 dxe5 22. Rfe1 Rfe8 23. Rad1 Rad8 24. Nf1 Qf4 25. h3 f6 26. Rd3 Qc4 27. Red1 Nf5 28. Kh1 e4 29. R3d2 e3 30. fxe3 Bxe3 31. Rd3 Bb6 32. Bxf6 gxf6 33. Qxf6 Ng7 34. Rg3 Rd7 35. Rg4 Qe2 36. Rd2 Qe5 0-1

[Event "Cesme op-A 7th"]
[Site "Cesme"]
[Date "2019.06.26"]
[Round "5"]
[White "Cansun, Can Alp"]
[Black "Tuncer, Tuna"]
[Result "0-1"]
[WhiteElo "2121"]
[BlackElo "2365"]
[PlyCount "94"]
[EventDate "2019.06.24"]
[EventType "swiss"]
[EventRounds "9"]
[EventCountry "TUR"]
[SourceTitle "CBM 191 Extra"]
[Source "ChessBase"]
[SourceDate "2019.09.30"]
[SourceVersion "1"]
[SourceVersionDate "2019.09.30"]
[SourceQuality "1"]

1. e4 c5 2. Nf3 e6 3. d4 cxd4 4. Nxd4 Nf6 5. Nc3 Nc6 6. Ndb5 d6 7. Bf4 e5 8. Bg5 a6 9. Na3 Be6 10. Nc4 Rb8 11. Bxf6 Qxf6 12. Ne3 Qg6 13. g3 h5 14. h4 Be7 15. Bg2 Qh6 16. Ncd5 Bd8 17. c3 Ne7 18. Nxe7 Bxe7 19. Nf5 Qf6 20. Qd3 0-0 21. 0-0 g6 22. Ne3 Qg7 23. Nd5 Bd8 24. f4 Bxd5 25. Qxd5 exf4 26. Rxf4 Qe5 27. Qd3 Bf6 28. Raf1 Qc5+ 29. Kh1 Be5 30. R4f3 b5 31. a3 a5 32. Qd2 b4 33. axb4 axb4 34. Qg5 Qc8 35. cxb4 Rxb4 36. b3 Qe6 37. Qe3 Bg7 38. Qd3 Be5 39. Kg1 Rfb8 40. Rb1 Rd4 41. Qf1 Rd2 42. Rc1 Rxb3 43. Rc7 Rbb2 44. Rcxf7 Rxg2+ 45. Qxg2 Rxg2+ 46. Kxg2 Qxf7 47. Rxf7 Kxf7 0-1